[Event "CRO-chT2 Qual 1B Liga"]
[Site "Trogir"]
[Date "2021.11.20"]
[Round "2.1"]
[White "Tesla, Miro"]
[Black "Vojak, Daniel"]
[Result "0-1"]
[WhiteElo "2144"]
[BlackElo "2288"]
[PlyCount "78"]
[EventDate "2021.11.19"]
[EventType "team-tourn"]
[EventRounds "3"]
[EventCountry "CRO"]
[SourceTitle "EXT 2023"]
[Source "ChessBase"]
[SourceDate "2022.10.05"]
[SourceVersion "1"]
[SourceVersionDate "2022.10.05"]
[SourceQuality "1"]
[WhiteTeam "Sibenik"]
[BlackTeam "Sveta Nedelja"]
[WhiteTeamCountry "CRO"]
[BlackTeamCountry "CRO"]

1. d4 d5 2. Nc3 c5 3. e4 Nf6 4. exd5 Nxd5 5. Bc4 Nxc3 6. bxc3 e6 7. Nf3 cxd4 8. cxd4 Bb4+ 9. Bd2 Bxd2+ 10. Qxd2 0-0 11. 0-0 Nd7 12. Rfe1 Nf6 13. Rad1 b6 14. Ne5 Qc7 15. Bd3 Nd7 16. Qg5 Nxe5 17. dxe5 h6 18. Qh5 Bb7 19. Re3 Rfd8 20. Rde1 Rd4 21. Rg3 Kf8 22. h3 Rad8 23. Ree3 a6 24. Rg4 Rxg4 25. hxg4 Qe7 26. Rh3 Qb4 27. f3 Qd4+ 28. Kh2 Rd5 29. Qh4 Qxe5+ 30. Qg3 Qxg3+ 31. Kxg3 Ra5 32. f4 Ke7 33. Kf2 Rxa2 34. Re3 b5 35. f5 Bd5 36. Re2 Kf6 37. Ke3 Ra4 38. Rf2 e5 39. Rd2 Rxg4 0-1

[Event "CRO-chT1B 28th"]
[Site "Mali Losinj"]
[Date "2019.10.05"]
[Round "8.16"]
[White "Krsnik Cohar, Ivan Vihor"]
[Black "Tesla, Miro"]
[Result "1-0"]
[WhiteElo "2340"]
[BlackElo "2073"]
[PlyCount "77"]
[EventDate "2019.09.28"]
[EventType "team-tourn"]
[EventRounds "9"]
[EventCountry "CRO"]
[SourceTitle "EXT 2020"]
[Source "ChessBase"]
[SourceDate "2019.10.17"]
[SourceVersion "1"]
[SourceVersionDate "2019.10.17"]
[SourceQuality "1"]
[WhiteTeam "Pula"]
[BlackTeam "Sibenik"]
[WhiteTeamCountry "CRO"]
[BlackTeamCountry "CRO"]

1. d4 Nf6 2. Bg5 Ne4 3. Bf4 d5 4. Nd2 Bf5 5. Nxe4 Bxe4 6. e3 c5 7. Bxb8 Qxb8 8. Bb5+ Kd8 9. dxc5 e6 10. Nf3 Bxc5 11. 0-0 Ke7 12. Bd3 Bxf3 13. Qxf3 Qe5 14. c4 Rhd8 15. Rfd1 Kf8 16. cxd5 exd5 17. Bxh7 Rd6 18. Bc2 Rad8 19. Bb3 Qxb2 20. Rab1 Qe5 21. Rd3 R8d7 22. Ba4 Re7 23. Qh3 f5 24. Qh8+ Kf7 25. Qc8 Bb6 26. Bb3 Rc7 27. Qa8 Kg6 28. Rbd1 Kh7 29. g3 d4 30. Qg8+ Kg6 31. h4 Kh5 32. exd4 Bxd4 33. Rxd4 Rxd4 34. Qh7+ Kg4 35. Rxd4+ Qxd4 36. Qg6+ Kh3 37. Qxf5+ Qg4 38. Qb1 Rc3 39. Qf1# 1-0

[Event "CRO-chT1B 28th"]
[Site "Mali Losinj"]
[Date "2019.10.03"]
[Round "6.16"]
[White "Tomasic, Roland"]
[Black "Tesla, Miro"]
[Result "1-0"]
[WhiteElo "2102"]
[BlackElo "2073"]
[PlyCount "111"]
[EventDate "2019.09.28"]
[EventType "team-tourn"]
[EventRounds "9"]
[EventCountry "CRO"]
[SourceTitle "EXT 2020"]
[Source "ChessBase"]
[SourceDate "2019.10.17"]
[SourceVersion "1"]
[SourceVersionDate "2019.10.17"]
[SourceQuality "1"]
[WhiteTeam "Strigova Stridon"]
[BlackTeam "Sibenik"]
[WhiteTeamCountry "CRO"]
[BlackTeamCountry "CRO"]

1. e4 c5 2. Nf3 d6 3. d4 cxd4 4. Nxd4 Nf6 5. Nc3 a6 6. Bc4 e6 7. Bb3 Nbd7 8. f4 Nc5 9. Qf3 b5 10. f5 e5 11. Nc6 Qd7 12. Nb4 Nxb3 13. axb3 Bb7 14. Bg5 Nxe4 15. Nxe4 d5 16. Bd2 dxe4 17. Qg4 f6 18. 0-0-0 Qf7 19. Na2 Bc5 20. Rhe1 0-0 21. Nc3 Rfc8 22. Nxe4 Bf8 23. Bc3 b4 24. Rd7 Be7 25. Bxb4 Qxb3 26. Nc5 Qf7 27. Rxb7 Rab8 28. Rxb8 Rxb8 29. Rd1 Qa2 30. Nd3 Bxb4 31. Nxb4 Qa1+ 32. Kd2 Qxb2 33. Qc4+ Kh8 34. Nd3 Qb7 35. Nc5 Qxg2+ 36. Kc3 Qf3+ 37. Qd3 Qa8 38. Qd5 a5 39. Qxa8 Rxa8 40. Ra1 g6 41. fxg6 hxg6 42. Kc4 Kg7 43. Rb1 f5 44. Kd5 e4 45. Ke5 a4 46. Ne6+ Kh6 47. c4 a3 48. c5 a2 49. Ra1 e3 50. c6 e2 51. c7 Re8 52. Kd6 f4 53. Kd7 f3 54. Kxe8 f2 55. c8Q e1Q 56. Qc1+ 1-0

[Event "CRO Cup"]
[Site "Mali Losinj"]
[Date "2018.05.18"]
[Round "4.112"]
[White "Separovic, Tomislav"]
[Black "Tesla, Miro"]
[Result "1/2-1/2"]
[WhiteElo "2182"]
[BlackElo "2137"]
[PlyCount "59"]
[EventDate "2018.05.16"]
[EventType "team-swiss"]
[EventRounds "6"]
[EventCountry "CRO"]
[SourceTitle "CBM 184 Extra"]
[Source "ChessBase"]
[SourceDate "2018.06.28"]
[SourceVersion "1"]
[SourceVersionDate "2018.06.28"]
[SourceQuality "1"]
[WhiteTeam "Dubrovnik"]
[BlackTeam "Sibenik"]
[WhiteTeamCountry "CRO"]
[BlackTeamCountry "CRO"]

1. c4 Nf6 2. Nf3 g6 3. Nc3 Bg7 4. e4 d6 5. d4 0-0 6. Be2 e5 7. 0-0 Nc6 8. d5 Ne7 9. Bd2 Ne8 10. Ne1 f5 11. Nd3 c6 12. f3 cxd5 13. cxd5 f4 14. g4 g5 15. Be1 Ng6 16. Kg2 Bf6 17. a4 Kg7 18. h3 Rh8 19. Bf2 h5 20. Rh1 hxg4 21. hxg4 Nh4+ 22. Bxh4 gxh4 23. Nf2 Rh6 24. Nh3 Rg6 25. Rg1 Be7 26. a5 Nf6 27. Kh2 Rb8 28. Rg2 Bd7 29. Bb5 Bc8 30. Be2 1/2-1/2

[Event "CRO-chT1B 25th"]
[Site "Sibenik"]
[Date "2016.10.09"]
[Round "2.1"]
[White "Tesla, Miro"]
[Black "Stocko, Josip"]
[Result "0-1"]
[WhiteElo "2134"]
[BlackElo "2318"]
[PlyCount "96"]
[EventDate "2016.10.08"]
[EventType "team-tourn"]
[EventRounds "9"]
[EventCountry "CRO"]
[SourceTitle "EXT 2017"]
[Source "ChessBase"]
[SourceDate "2016.10.25"]
[SourceVersion "1"]
[SourceVersionDate "2016.10.25"]
[SourceQuality "1"]
[WhiteTeam "Sibenik"]
[BlackTeam "Vinkovci"]
[WhiteTeamCountry "CRO"]
[BlackTeamCountry "CRO"]

1. d4 Nf6 2. c4 e6 3. Nf3 Bb4+ 4. Bd2 Qe7 5. g3 Bxd2+ 6. Qxd2 Nc6 7. Nc3 0-0 8. Bg2 d6 9. 0-0 e5 10. Nd5 Nxd5 11. cxd5 Nxd4 12. Nxd4 exd4 13. Rac1 Bf5 14. Qxd4 Rfc8 15. e4 Bd7 16. Rfd1 a5 17. f4 f6 18. Re1 a4 19. e5 fxe5 20. fxe5 dxe5 21. Rxe5 Qd6 22. Rg5 g6 23. Be4 c5 24. Qd3 c4 25. Qc2 Ra6 26. h4 Rf8 27. Kg2 a3 28. bxa3 Qxa3 29. Qxc4 Rc8 30. Qxc8+ Bxc8 31. Rxc8+ Kg7 32. Rc7+ Kg8 33. Rxb7 Qd6 34. Rb2 Ra8 35. Re2 Rf8 36. Bc2 Qf6 37. Bd3 Qf3+ 38. Kh2 Qxd3 39. Rge5 Qd4 40. Kg2 Qd1 41. Re1 Qf3+ 42. Kh3 h5 43. d6 Qg4+ 44. Kg2 Qd4 45. Re6 Rf2+ 46. Kh1 Qd5+ 47. R1e4 Qd1+ 48. Re1 Qf3+ 0-1

[Event "CRO Cup"]
[Site "Mali Losinj"]
[Date "2016.05.06"]
[Round "4.91"]
[White "Pecnik, Leo"]
[Black "Tesla, Miro"]
[Result "1/2-1/2"]
[WhiteElo "2352"]
[BlackElo "2100"]
[PlyCount "29"]
[EventDate "2016.05.04"]
[EventType "team-swiss"]
[EventRounds "6"]
[EventCountry "CRO"]
[SourceTitle "CBM 172 Extra"]
[Source "ChessBase"]
[SourceDate "2016.06.21"]
[SourceVersion "1"]
[SourceVersionDate "2016.06.21"]
[SourceQuality "1"]
[WhiteTeam "Zagreb Koncar"]
[BlackTeam "Sibenik"]
[WhiteTeamCountry "CRO"]
[BlackTeamCountry "CRO"]

1. e4 d6 2. d4 Nf6 3. Nc3 e5 4. dxe5 dxe5 5. Qxd8+ Kxd8 6. Bg5 Be6 7. 0-0-0+ Kc8 8. g3 Bc5 9. Bxf6 gxf6 10. Nd5 Nd7 11. f4 Rd8 12. f5 Bxd5 13. Rxd5 c6 14. Rd3 Kc7 15. Bg2 1/2-1/2

[Event "CRO-CupT final"]
[Site "Sibenik"]
[Date "2015.05.20"]
[Round "1.2"]
[White "Tesla, Miro"]
[Black "Kozul, Zdenko"]
[Result "0-1"]
[WhiteElo "2156"]
[BlackElo "2620"]
[PlyCount "96"]
[EventDate "2015.05.20"]
[EventType "team-swiss"]
[EventRounds "6"]
[EventCountry "CRO"]
[SourceTitle "CBM 166 Extra"]
[Source "ChessBase"]
[SourceDate "2015.06.18"]
[SourceVersion "1"]
[SourceVersionDate "2015.06.18"]
[SourceQuality "1"]
[WhiteTeam "Sibenik"]
[BlackTeam "Solin Cemex"]
[WhiteTeamCountry "CRO"]
[BlackTeamCountry "CRO"]

1. d4 Nf6 2. c4 d6 3. Nc3 Nbd7 4. Nf3 c6 5. Bf4 Qa5 6. a3 Ne4 7. Qc2 Nxc3 8. Qxc3 Qxc3+ 9. bxc3 Nb6 10. e4 Na4 11. Kd2 a6 12. Rb1 e6 13. Bd3 b5 14. e5 dxe5 15. Nxe5 Bb7 16. c5 f6 17. Nf3 e5 18. Rhe1 0-0-0 19. Bg3 Bxc5 20. Kc2 e4 21. Bxe4 Bd6 22. Bf5+ Kb8 23. Re7 g6 24. Bd7 Bxg3 25. hxg3 Nb6 26. Be6 Rde8 27. Rxe8+ Rxe8 28. Re1 Bc8 29. Bxc8 Rxe1 30. Nxe1 Kxc8 31. Nd3 Kc7 32. Nc5 a5 33. g4 a4 34. Ne4 f5 35. gxf5 gxf5 36. Nd2 Kd6 37. Kd3 Kd5 38. g3 c5 39. Nf1 f4 40. gxf4 Nc4 41. Ne3+ Nxe3 42. fxe3 c4+ 43. Ke2 Ke4 44. d5 Kxd5 45. Kf3 h5 46. e4+ Ke6 47. Ke3 h4 48. Kd4 h3 0-1

[Event "CRO-chT"]
[Site "Bol"]
[Date "2014.05.15"]
[Round "3.13"]
[White "Havas, Juraj"]
[Black "Tesla, Miro"]
[Result "1-0"]
[WhiteElo "2058"]
[BlackElo "2120"]
[PlyCount "120"]
[EventDate "2014.05.14"]
[EventType "team-swiss"]
[EventRounds "6"]
[EventCountry "CRO"]
[SourceTitle "CBM 160 Extra"]
[Source "ChessBase"]
[SourceDate "2014.07.01"]
[SourceVersion "1"]
[SourceVersionDate "2014.07.01"]
[SourceQuality "1"]
[WhiteTeam "Mihovljan Sloboda"]
[BlackTeam "Sibenik"]
[WhiteTeamCountry "CRO"]
[BlackTeamCountry "CRO"]

1. d4 Nf6 2. c4 g6 3. Nc3 Bg7 4. e4 d6 5. f3 0-0 6. Bg5 h6 7. Be3 c5 8. d5 Qa5 9. Qd2 Kh7 10. Nge2 Nbd7 11. Rc1 a6 12. Ng3 Rb8 13. a4 Qb4 14. Qc2 Ne5 15. b3 b5 16. axb5 axb5 17. cxb5 Bd7 18. Bd2 c4 19. bxc4 Nxc4 20. Na2 Qxd2+ 21. Qxd2 Nxd2 22. Kxd2 h5 23. Rc7 h4 24. Ne2 Bh6+ 25. Kc2 Rxb5 26. Nec3 Rb6 27. Bc4 Rfb8 28. Nd1 Rb1 29. Nac3 R8b2+ 30. Nxb2 Rxh1 31. Bb5 Bxb5 32. Nxb5 Ng8 33. Kb3 Rxh2 34. Rc2 f5 35. exf5 gxf5 36. Nd4 Kg6 37. Nd3 Nf6 38. Kc4 Nd7 39. Rb2 h3 40. Nxf5 Ne5+ 41. Nxe5+ dxe5 42. Nxe7+ Kf7 43. Nf5 Bg5 44. Rb7+ Kg6 45. g4 Rc2+ 46. Kd3 Rd2+ 47. Ke4 h2 48. Rb6+ Kf7 49. Rb7+ Ke8 50. Ng7+ Kd8 51. Ne6+ Ke8 52. Rh7 Ra2 53. Kf5 Be7 54. g5 Kd7 55. g6 Kd6 56. g7 Rg2 57. Rxh2 Rxh2 58. g8Q Kxd5 59. Qa8+ Kd6 60. Qa6+ Kd7 1-0

[Event "Zadar op-B 19th"]
[Site "Zadar"]
[Date "2012.12.21"]
[Round "8"]
[White "Pandurevic, Miro"]
[Black "Tesla, Miro"]
[Result "0-1"]
[WhiteElo "2269"]
[BlackElo "2017"]
[PlyCount "94"]
[EventDate "2012.12.16"]
[EventType "swiss"]
[EventRounds "9"]
[EventCountry "CRO"]
[SourceTitle "EXT 2014"]
[Source "ChessBase"]
[SourceDate "2013.11.20"]
[SourceVersion "1"]
[SourceVersionDate "2013.11.20"]
[SourceQuality "1"]

1. e4 d6 2. d4 Nf6 3. Nc3 e5 4. Nf3 exd4 5. Nxd4 Be7 6. Be2 0-0 7. Bf4 Re8 8. 0-0 Bf8 9. Bf3 Nbd7 10. Bg5 c6 11. Re1 Ne5 12. Be2 Be7 13. Bf4 Qb6 14. a3 Bg4 15. f3 Bd7 16. Kh1 Rad8 17. Be3 Qc7 18. f4 Ng6 19. Qd2 Bf8 20. Bd3 b5 21. Nf3 Bc8 22. Bd4 Nh5 23. f5 Ne5 24. Be2 Nf6 25. Qe3 Rd7 26. Rad1 a6 27. Qf4 Bb7 28. Bf2 c5 29. Bh4 Be7 30. Bg5 Bd8 31. Nxe5 dxe5 32. Qg3 b4 33. Rxd7 Nxd7 34. Bh6 Bf6 35. Nd5 Bxd5 36. exd5 Qb7 37. axb4 Qxb4 38. Bxa6 Kh8 39. Bf4 Ra8 40. Bxe5 Nxe5 41. Rxe5 Bxe5 42. Qxe5 Qa4 43. Bf1 Qxc2 44. d6 Qf2 45. Ba6 Qd4 46. Qxd4 cxd4 47. d7 d3 0-1

[Event "Zadar op-B 19th"]
[Site "Zadar"]
[Date "2012.12.19"]
[Round "6"]
[White "Saric, Zrinka"]
[Black "Tesla, Miro"]
[Result "0-1"]
[WhiteElo "2124"]
[BlackElo "2017"]
[PlyCount "76"]
[EventDate "2012.12.16"]
[EventType "swiss"]
[EventRounds "9"]
[EventCountry "CRO"]
[SourceTitle "EXT 2014"]
[Source "ChessBase"]
[SourceDate "2013.11.20"]
[SourceVersion "1"]
[SourceVersionDate "2013.11.20"]
[SourceQuality "1"]

1. e4 c5 2. Nf3 d6 3. d4 cxd4 4. Nxd4 Nf6 5. Nc3 a6 6. Be3 e5 7. Nde2 Ng4 8. Qd2 Nxe3 9. Qxe3 Be7 10. Nd5 Nc6 11. Nxe7 Qxe7 12. 0-0-0 0-0 13. Kb1 Be6 14. f4 Rac8 15. f5 Bc4 16. Nc3 Nd4 17. Bxc4 Rxc4 18. Nd5 Qh4 19. c3 Nc6 20. g4 Ne7 21. Nb6 Rc6 22. g5 Rxb6 23. Qxb6 Qxe4+ 24. Ka1 Nxf5 25. Rhe1 Qc6 26. Qf2 g6 27. h4 e4 28. h5 e3 29. Qh2 Qf3 30. h6 f6 31. gxf6 Rxf6 32. Qc2 Nxh6 33. Qb3+ Kg7 34. Qb6 Nf5 35. Rh1 e2 36. Qc7+ Rf7 37. Rxh7+ Kxh7 38. Qxf7+ Kh6 0-1

[Event "Zadar op-B 19th"]
[Site "Zadar"]
[Date "2012.12.17"]
[Round "2"]
[White "Medic, Miljenko"]
[Black "Tesla, Miro"]
[Result "0-1"]
[WhiteElo "2231"]
[BlackElo "2017"]
[PlyCount "64"]
[EventDate "2012.12.16"]
[EventType "swiss"]
[EventRounds "9"]
[EventCountry "CRO"]
[SourceTitle "EXT 2014"]
[Source "ChessBase"]
[SourceDate "2013.11.20"]
[SourceVersion "1"]
[SourceVersionDate "2013.11.20"]
[SourceQuality "1"]

1. d4 Nf6 2. c4 g6 3. Nc3 Bg7 4. e4 d6 5. Nf3 0-0 6. Be2 Na6 7. 0-0 e5 8. Be3 Ng4 9. Bg5 Qe8 10. Re1 h6 11. Bc1 Nf6 12. Bf1 Bg4 13. d5 Nh7 14. h3 Bxf3 15. Qxf3 f5 16. exf5 gxf5 17. h4 Qg6 18. Bd2 Nf6 19. Rad1 Ng4 20. Be2 Bf6 21. Qh3 h5 22. f3 Nh6 23. b4 Rae8 24. Bd3 Kh8 25. Bxh6 Qxh6 26. Bxf5 Bxh4 27. Qxh4 Rxf5 28. Ne4 Rg8 29. Kf2 Qg6 30. g4 Qxg4 31. Qxg4 hxg4 32. Re3 Rgf8 0-1

[Event "CRO Cup 21st"]
[Site "Sibenik"]
[Date "2012.05.17"]
[Round "2.54"]
[White "Zivkovic, Vjekoslav"]
[Black "Tesla, Miro"]
[Result "1/2-1/2"]
[WhiteElo "2386"]
[BlackElo "1991"]
[PlyCount "22"]
[EventDate "2012.05.16"]
[EventType "team-swiss"]
[EventRounds "6"]
[EventCountry "CRO"]
[SourceTitle "CBM 148 Extra"]
[Source "ChessBase"]
[SourceDate "2012.06.22"]
[SourceVersion "1"]
[SourceVersionDate "2012.06.22"]
[SourceQuality "1"]
[WhiteTeam "Osijek"]
[BlackTeam "Sibenik"]
[WhiteTeamCountry "CRO"]
[BlackTeamCountry "CRO"]

1. e4 c5 2. Nf3 d6 3. d4 cxd4 4. Nxd4 Nf6 5. Nc3 a6 6. Be3 e5 7. Nf3 Be6 8. Ng5 Qc7 9. Nxe6 fxe6 10. Qf3 Be7 11. Qh3 d5 1/2-1/2